[Event "It (cat.10)"]
[Site "Stroebeck (Germany)"]
[Date "2013.06.22"]
[Round "1"]
[White "Donchenko Alexander (GER)"]
[Black "Mons Leon (GER)"]
[Result "1-0"]
[WhiteElo "2463"]
[BlackElo "2427"]

1.Nf3 Nf6 2.g3 d5 3.Bg2 e6 4.O-O Be7 5.c4 d4 6.b4 O-O 7.Bb2 c5 8.d3 a5 9.bxc5
Bxc5 10.Ba3 Bb4 11.Bxb4 axb4 12.Qb3 Qb6 13.a3 Nc6 14.Nbd2 Qa5 15.axb4 Qxa1
16.Rxa1 Rxa1+ 17.Nf1 e5 18.b5 Ne7 19.Qb2 Rd1 20.Nxe5 Nf5 21.Nf3 Rd8 22.h3 h5
23.Kh2 b6 24.N1d2 Nh6 25.Ne5 Re8 26.Ndf3 Nf5 27.Nc6 Bd7 28.Nfxd4 Nh6 29.Bf3
{#r} 1-0

[Event "Ch Greece (team)"]
[Site "Rio Patra (Greece)"]
[Date "2013.07.03"]
[Round "2"]
[White "Banikas Hristos (GRE)"]
[Black "Filippas Sebastian (GRE)"]
[Result "1-0"]
[WhiteElo "2633"]
[BlackElo "2324"]

1.c4 e6 2.Nf3 Nf6 3.g3 d5 4.Bg2 Be7 5.O-O O-O 6.b3 a5 7.d4 a4 8.Bb2 Ne4 9.bxa4
Bd7 10.Nc3 Nxc3 11.Bxc3 Bxa4 12.Qb1 Qc8 13.Rc1 Nd7 14.Bb4 c5 15.cxd5 exd5
16.dxc5 Nxc5 17.Bxc5 Bxc5 18.Ng5 {#r} 1-0

[Event "Ch Belgium (open)"]
[Site "Antwerpen (Belgium)"]
[Date "2013.07.08"]
[Round "3"]
[White "Barbier Wim (BEL)"]
[Black "Akhayan Ruben (BEL)"]
[Result "1-0"]
[WhiteElo "2112"]
[BlackElo "2245"]

1.c4 e6 2.g3 d5 3.Bg2 Nf6 4.Nf3 Be7 5.O-O O-O 6.Qc2 b6 7.b3 Bb7 8.Bb2 Nbd7
9.d3 c5 10.e3 Rc8 11.Re1 a6 12.Nc3 Bc6 13.cxd5 Nxd5 14.Nxd5 Bxd5 15.Rad1 Bf6
16.e4 Bc6 17.d4 cxd4 18.Nxd4 Bb7 19.Qd2 Rc7 20.f4 Be7 21.b4 Qa8 22.a3 b5
23.Nb3 Nb6 24.Qd4 e5 25.Qxe5 {#r} 1-0

[Event "It (open)"]
[Site "Leiden (Netherlands)"]
[Date "2013.07.16"]
[Round "5"]
[White "Wilschut Peter (NED)"]
[Black "Van Den Doel Erik (NED)"]
[Result "0-1"]
[WhiteElo "2245"]
[BlackElo "2565"]

1.c4 e6 2.g3 d5 3.Bg2 Nf6 4.Nf3 Be7 5.O-O O-O 6.d3 c5 7.Qc2 Nc6 8.a3 d4 9.b4
cxb4 10.axb4 Bxb4 11.Ba3 Bxa3 12.Nxa3 e5 13.Nd2 Bg4 14.Rfb1 Qd7 15.Rb5 Bxe2
16.Nb3 Bg4 17.Nc5 Qe7 18.Nxb7 e4 19.dxe4 Ne5 20.Rxe5 Qxe5 21.f4 Qh5 22.e5 Nd7
23.Qd3 Rab8 24.Qxd4 Bf3 25.Rb1 Bxg2 26.Kxg2 Qe2+ 27.Kh3 Rbe8 28.Rb2 Qf3 29.Rf2
Qxb7 {#R} 0-1

[Event "It (open) (active) (G1)"]
[Site "Pardubice (Czech Republic)"]
[Date "2013.07.18"]
[Round "2"]
[White "Harika Dronavalli (IND)"]
[Black "Akots Gabor (HUN)"]
[Result "1-0"]
[WhiteElo "2484"]
[BlackElo "2248"]

1.Nf3 Nf6 2.c4 e6 3.g3 d5 4.Bg2 Be7 5.O-O O-O 6.b3 b6 7.Bb2 Bb7 8.e3 c5 9.Nc3
Nc6 10.cxd5 exd5 11.d4 Rc8 12.Re1 Ne4 13.Rc1 cxd4 14.Nxe4 dxe4 15.Nxd4 Nb4
16.Qg4 Nd3 17.Ne6 {#r} 1-0

[Event "It (open)"]
[Site "La Massana (Andorra)"]
[Date "2013.07.23"]
[Round "4"]
[White "Norwood David (AND)"]
[Black "Arizmendi Martinez Julen L (ESP)"]
[Result "1-0"]
[WhiteElo "2506"]
[BlackElo "2549"]

1.Nf3 d5 2.c4 e6 3.g3 Nf6 4.Bg2 Be7 5.O-O O-O 6.b3 c5 7.Bb2 Nc6 8.e3 b6 9.Nc3
Bb7 10.cxd5 Nxd5 11.Nxd5 exd5 12.d4 Ba6 13.Re1 c4 14.bxc4 Bxc4 15.Nd2 Rc8
16.a3 b5 17.Rc1 Re8 18.e4 Na5 19.exd5 Qd7 20.Qh5 g6 21.Qf3 Rcd8 22.d6 Bg5
23.d5 Qxd6 24.Qc3 f6 25.Qxa5 Bxd5 26.Rxe8+ Rxe8 27.Qxb5 {#r} 1-0

[Event "It (open)"]
[Site "Paleochora (Greece)"]
[Date "2013.07.26"]
[Round "9"]
[White "Nogly Christoph (GER)"]
[Black "Mangelschots Peter (BEL)"]
[Result "1-0"]
[WhiteElo "2263"]
[BlackElo "2065"]

1.Nf3 d5 2.c4 e6 3.g3 Nf6 4.Bg2 Be7 5.O-O O-O 6.b3 c5 7.e3 Nc6 8.Bb2 d4 9.exd4
cxd4 10.d3 Re8 11.Re1 Bc5 12.Nbd2 h6 13.a3 a5 14.Ne5 Nxe5 15.Rxe5 Bd6 16.Rb5
e5 17.Bxb7 Bxb7 18.Rxb7 Qc8 19.Rb5 h5 20.Qf3 Ng4 21.h3 e4 22.Nxe4 Ne5 23.Qxh5
Qc6 24.Ng5 Re6 25.Rxe5 Rxe5 26.Qxf7+ Kh8 27.Qh5+ Kg8 28.Bxd4 Qe8 29.Qh7+ Kf8
30.Qh8+ {#r} 1-0

[Event "It (open)"]
[Site "Erice (Italy)"]
[Date "2013.07.28"]
[Round "7"]
[White "Van Dongen Cor (NED)"]
[Black "Masternak Grzegorz (POL)"]
[Result "1-0"]
[WhiteElo "2361"]
[BlackElo "2333"]

1.Nf3 d5 2.c4 e6 3.g3 Nf6 4.Bg2 Be7 5.O-O O-O 6.b3 c5 7.Bb2 Nc6 8.e3 b6 9.Nc3
Bb7 10.cxd5 exd5 11.d4 cxd4 12.Nxd4 Nxd4 13.Qxd4 Bc5 14.Qf4 Qe7 15.Rfd1 Rad8
16.Nb5 Ne4 17.Nd4 Bxd4 18.Rxd4 f6 19.Ra4 a5 20.Bxe4 dxe4 21.Ba3 Qe6 22.Bxf8
Rxf8 23.Rd1 Bc6 24.Rc4 {#r} 1-0

[Event "It (open)"]
[Site "Registro (Brazil)"]
[Date "2013.08.01"]
[Round "6"]
[White "Barata Adriano Albiani (BRA)"]
[Black "Gauche Charles (BRA)"]
[Result "0-1"]
[WhiteElo "2139"]
[BlackElo "2258"]

1.Nf3 Nf6 2.c4 e6 3.g3 d5 4.Bg2 Be7 5.O-O O-O 6.b3 a5 7.Nc3 c6 8.d3 d4 9.Ne4
c5 10.e3 Nc6 11.exd4 cxd4 12.a3 Nxe4 13.dxe4 e5 14.Ne1 Be6 15.Qd3 Rc8 16.Bb2
Nb8 17.Rc1 Na6 18.f4 f6 19.fxe5 fxe5 {#R} 0-1

[Event "It (open)"]
[Site "Porto San Giorgio (Italy)"]
[Date "2013.08.21"]
[Round "1"]
[White "Drasko Milan (MNE)"]
[Black "Corsino Gianluca (ITA)"]
[Result "1-0"]
[WhiteElo "2447"]
[BlackElo "2120"]

1.Nf3 Nf6 2.g3 d5 3.Bg2 e6 4.O-O Be7 5.c4 O-O 6.b3 c5 7.Bb2 Nc6 8.e3 b6 9.Nc3
Ba6 10.d3 Rc8 11.Qe2 Qc7 12.Nh4 dxc4 13.dxc4 Nd7 14.Nf3 Bf6 15.h4 Bb7 16.Ng5
h6 17.Nge4 a6 18.Rad1 Be7 19.Nd5 exd5 20.cxd5 Rcd8 21.d6 Bxd6 22.Nxd6 Nd4
23.Rxd4 Bxg2 24.Rg4 g6 25.Qd3 Nf6 26.Bxf6 Qxd6 27.Rxg6+ {#r} 1-0

[Event "It (open)"]
[Site "Biella (Italy)"]
[Date "2013.09.28"]
[Round "2"]
[White "Stella Andrea (ITA)"]
[Black "Ubezio Marco (ITA)"]
[Result "1-0"]
[WhiteElo "2454"]
[BlackElo "2122"]

1.Nf3 d5 2.c4 e6 3.g3 Nf6 4.Bg2 Be7 5.O-O O-O 6.b3 c6 7.Bb2 Nbd7 8.Qc2 b5 9.d3
bxc4 10.bxc4 Rb8 11.Nbd2 Ba6 12.e4 dxe4 13.dxe4 Nc5 14.Nd4 Qc7 15.e5 Qxe5
16.Rab1 Qc7 17.Nxc6 Rb6 18.Be5 Qd7 19.Rxb6 axb6 20.Rd1 Rc8 21.Ne4 Qe8 22.Nxe7+
Qxe7 23.Bd6 Qe8 24.Bxc5 Nxe4 25.Bxb6 Rxc4 26.Bxe4 f5 27.Qb3 fxe4 28.Qa3 Qc8
29.Rd8+ {#r} 1-0

[Event "It (open) "]
[Site "Tatranske Zruby (Slovakia)"]
[Date "2013.10.01"]
[Round "4"]
[White "Pcola Pavol (SVK)"]
[Black "Vul Arkadi Eremeevich (RUS)"]
[Result "0-1"]
[WhiteElo "2389"]
[BlackElo "2312"]

1.c4 e6 2.g3 Nf6 3.Bg2 d5 4.Nf3 Be7 5.O-O O-O 6.b3 b6 7.Bb2 Bb7 8.e3 c5 9.Nc3
dxc4 10.bxc4 Nc6 11.Qe2 Nb4 12.d4 cxd4 13.exd4 Rc8 14.a3 Bxf3 15.Bxf3 Nc6
16.Rfd1 Nxd4 17.Rxd4 Qxd4 18.Nd5 Qc5 19.Bxf6 Bxf6 20.Nxf6+ gxf6 21.Be4 Qe5
22.Re1 f5 {#R} 0-1

[Event "It (open)"]
[Site "Bogota (Colombia)"]
[Date "2013.10.12"]
[Round "5"]
[White "Nunez Daniel (COL)"]
[Black "Dominguez Rincon Miller (COL)"]
[Result "1-0"]
[WhiteElo "2208"]
[BlackElo "2047"]

1.c4 e6 2.Nf3 Nf6 3.g3 d5 4.Bg2 Be7 5.O-O O-O 6.b3 c5 7.Bb2 Nc6 8.e3 dxc4
9.bxc4 Qd3 10.Qb3 Rd8 11.Bc3 a5 12.Na3 Ne4 13.Ne1 Nxd2 14.Qb2 Qe2 15.Nb1 Bf6
16.Bxf6 gxf6 17.Nxd2 Ne5 18.Nef3 Nxf3+ 19.Bxf3 Qxd2 20.Qxf6 Bd7 21.Bh5 {#r}
1-0

[Event "Cup Spice (open)"]
[Site "Saint Louis (USA)"]
[Date "2013.10.18"]
[Round "7"]
[White "Eckert Doug D (USA)"]
[Black "Tang Andrew (USA)"]
[Result "1-0"]
[WhiteElo "2253"]
[BlackElo "2219"]

1.Nf3 d5 2.c4 e6 3.g3 Nf6 4.Bg2 Be7 5.O-O O-O 6.b3 c5 7.Bb2 Nc6 8.e3 b6 9.Nc3
Bb7 10.cxd5 Nxd5 11.Nxd5 Qxd5 12.d4 Na5 13.dxc5 Bxc5 14.Bc3 Qxd1 15.Rfxd1 Nc6
16.Rd7 Ba6 17.Ng5 Rac8 18.Nxe6 Nb8 19.Nxf8 Bxf8 20.Rxa7 Rxc3 21.Bd5 Kh8
22.Rxf7 Rc8 23.Kg2 Rd8 24.Bf3 Ba3 25.Rd1 Re8 26.h4 Bb5 27.Rb7 Bc5 28.b4 {#r}
1-0

[Event "It "]
[Site "Bastia (France)"]
[Date "2013.10.19"]
[Round "6"]
[White "Edouard Romain (FRA)"]
[Black "Fridman Daniel (GER)"]
[Result "0-1"]
[WhiteElo "2653"]
[BlackElo "2600"]

1.c4 e6 2.g3 d5 3.Bg2 Nf6 4.Nf3 Be7 5.O-O O-O 6.b3 c5 7.Bb2 Nc6 8.e3 b6 9.d4
Ba6 10.Ne5 Rc8 11.Re1 cxd4 12.Nxc6 Rxc6 13.Qxd4 Bc5 14.Qh4 Be7 15.Qd4 Bc5
16.Qf4 Bd6 17.Bxf6 Bxf4 18.Bxd8 Be5 19.cxd5 exd5 20.Bxd5 Rc8 21.Be7 Rfe8
22.Bb4 Bxa1 23.Nd2 Bc3 24.Bxc3 Rxc3 25.Nc4 Rd3 26.Bf3 Rc8 27.Be4 Bxc4 28.bxc4
Rd2 {#R} 0-1

[Event "Extraliga 2013/14"]
[Site "Slovakia"]
[Date "2013.11.10"]
[Round "2"]
[White "Rachela Milan (SVK)"]
[Black "Repkova Eva (SVK)"]
[Result "0-1"]
[WhiteElo "2371"]
[BlackElo "2351"]

1.Nf3 e6 2.c4 d5 3.g3 Nf6 4.Bg2 Be7 5.O-O O-O 6.b3 d4 7.e3 Nc6 8.exd4 Nxd4
9.Bb2 Bc5 10.Na3 Nxf3+ 11.Bxf3 e5 12.Nb5 Bh3 13.Re1 c6 14.Rxe5 Bb6 15.c5 Nd7
16.Rh5 Nxc5 17.Rxh3 Nd3 18.Be4 Nxf2 19.Bxh7+ Kh8 20.Qh5 Nxh3+ 21.Kf1 Ng5
22.Bf5+ Kg8 23.h4 Qxd2 24.Qe2 Qd5 25.Qe5 Qh1+ 26.Ke2 Qg2+ 27.Kd3 Rad8+ {#R}
0-1

[Event "Ch England (team) 2013/14 (3 div)"]
[Site "England"]
[Date "2013.11.16"]
[Round "1"]
[White "Moore Gerald (ENG)"]
[Black "Macdonald-Ross Michael (ENG)"]
[Result "0-1"]
[WhiteElo "2225"]
[BlackElo "2128"]

1.Nf3 Nf6 2.c4 e6 3.g3 d5 4.Bg2 Be7 5.O-O O-O 6.b3 c5 7.Bb2 Nc6 8.e3 b6 9.Nc3
Ba6 10.Qe2 Rc8 11.Nb5 Bb7 12.d3 a6 13.Nc3 Re8 14.Rad1 Qc7 15.cxd5 exd5 16.Bh3
Rcd8 17.d4 cxd4 18.Nxd4 Nxd4 19.exd4 Bb4 20.Qd3 Ne4 21.Rc1 Qd6 22.Rc2 Qg6
23.Bg2 Nxc3 24.Qxg6 hxg6 25.Bxc3 Rc8 26.Rfc1 Ba3 {#R} 0-1

[Event "Ch Czech Republic (blitz) (KO-system)"]
[Site "Brno (Czech Republic)"]
[Date "2013.12.21"]
[Round "13"]
[White "Jirovsky Milos (CZE)"]
[Black "Babula Vlastimil (CZE)"]
[Result "1-0"]
[WhiteElo "2480"]
[BlackElo "2574"]

1.Nf3 Nf6 2.c4 e6 3.g3 d5 4.Bg2 Be7 5.O-O O-O 6.Qc2 c5 7.cxd5 exd5 8.d4 Bg4
9.dxc5 Nc6 10.Rd1 Rc8 11.a3 a5 12.Bf4 d4 13.Qb3 Bxc5 14.Qxb7 Nd5 15.Bg5 Qe8
16.Nbd2 h6 17.Rac1 Ba7 18.Bf4 Nxf4 19.gxf4 d3 20.e3 Qe7 {#r} 1-0

[Event "It (open)"]
[Site "Paderborn (Germany)"]
[Date "2013.12.27"]
[Round "2"]
[White "Kemper Meinolf (GER)"]
[Black "Levin Felix (GER)"]
[Result "0-1"]
[WhiteElo "2161"]
[BlackElo "2486"]

1.c4 e6 2.Nf3 Nf6 3.g3 d5 4.Bg2 Be7 5.O-O O-O 6.b3 d4 7.Bb2 c5 8.b4 Nc6 9.b5
Na5 10.d3 Bd6 11.Nbd2 e5 12.Nb3 Nxb3 13.axb3 a6 14.Bc1 h6 15.Bd2 Rb8 16.bxa6
bxa6 17.Ba5 Qd7 18.Qc2 Bb7 19.Rfb1 e4 20.Ne1 e3 21.fxe3 Ng4 22.Bd2 dxe3 23.Bc1
Nxh2 24.Bxe3 Ng4 25.Bh3 Qe7 26.Bf2 Nxf2 27.Kxf2 Qg5 {#R} 0-1

[Event "It "]
[Site "Santa Clara (USA)"]
[Date "2014.01.03"]
[Round "2"]
[White "Mikhalevski Victor (ISR)"]
[Black "Bryant John Daniel (USA)"]
[Result "1-0"]
[WhiteElo "2550"]
[BlackElo "2370"]

1.Nf3 Nf6 2.c4 e6 3.g3 d5 4.Bg2 Be7 5.O-O O-O 6.b3 c5 7.e3 b6 8.Bb2 Bb7 9.Nc3
Nc6 10.cxd5 exd5 11.d4 Ne4 12.dxc5 Ba6 13.Nxd5 Bxf1 14.Kxf1 f5 15.cxb6 axb6
16.a3 Ra5 17.Nxe7+ Qxe7 18.b4 Ra7 19.Qd5+ Kh8 20.Qxc6 Rc7 21.Qa4 Rfc8 22.Nd4
Qf7 23.Qd1 Nd6 24.Qe2 {#r} 1-0

[Event "It (open) "]
[Site "Schwaebisch Gmuend (Germany)"]
[Date "2014.01.04"]
[Round "6"]
[White "Bergauz Avigdor (GER)"]
[Black "Hoegy Kevin (GER)"]
[Result "0-1"]
[WhiteElo "2135"]
[BlackElo "2253"]

1.c4 e6 2.g3 Nf6 3.Bg2 d5 4.Nf3 Be7 5.O-O O-O 6.b3 c5 7.cxd5 Nxd5 8.Bb2 Nc6
9.Na3 b6 10.Nc4 Bb7 11.e3 Bf6 12.d4 b5 13.Nce5 Nxe5 14.Nxe5 Bxe5 15.dxe5 Qb6
16.a3 Rfd8 17.Qg4 Ne7 18.Bxb7 Qxb7 19.Rfd1 c4 20.Rd6 Nf5 21.Rad1 Nxd6 22.exd6
f5 23.Qd4 Rd7 24.bxc4 bxc4 25.Qxc4 Qxb2 26.Qxe6+ Rf7 27.Rd4 Qb1+ 28.Kg2 Qb7+
{#R} 0-1

[Event "Ch Catalunia (team)"]
[Site "Catalunya (Spain)"]
[Date "2014.01.25"]
[Round "1"]
[White "Hernando Rodrigo Jose Maria (ESP)"]
[Black "Crespo Revilla Josep Ma (ESP)"]
[Result "1-0"]
[WhiteElo "2322"]
[BlackElo "2178"]

1.Nf3 d5 2.c4 e6 3.g3 Nf6 4.Bg2 Be7 5.O-O O-O 6.b3 c5 7.Bb2 Nc6 8.d3 Re8
9.Nbd2 d4 10.a3 a5 11.Qc2 e5 12.e3 h6 13.exd4 exd4 14.Rfe1 Be6 15.Ne5 Nxe5
16.Rxe5 Bd6 17.Re2 Qd7 18.Ne4 Nxe4 19.Bxe4 f5 20.Bf3 f4 21.Rae1 Bh3 22.Bxb7
Qxb7 23.Rxe8+ Kf7 24.R8e4 {#r} 1-0

[Event "Ch Georgia"]
[Site "Tbilisi (Georgia)"]
[Date "2014.02.04"]
[Round "9"]
[White "Nigalidze Gaioz (GEO)"]
[Black "Qashashvili Alexandre (GEO)"]
[Result "1-0"]
[WhiteElo "2538"]
[BlackElo "2404"]

1.Nf3 Nf6 2.c4 e6 3.g3 d5 4.Bg2 Be7 5.O-O O-O 6.b3 Nbd7 7.Bb2 c6 8.d3 b5
9.Nbd2 bxc4 10.bxc4 Rb8 11.Qc2 Bb7 12.Rab1 Bd6 13.e4 e5 14.d4 dxe4 15.Nxe5 e3
16.fxe3 Bxe5 17.dxe5 Ng4 18.Qe4 Ndxe5 19.Bxe5 Nxe5 20.Qxe5 Qxd2 21.Qe7 {#r}
1-0

[Event "Ch Romania (juniors) (under 20)"]
[Site "Calimanesti (Romania)"]
[Date "2014.04.09"]
[Round "4"]
[White "Pop Alexandru (ROM)"]
[Black "Vasile Claudiu Daniel (ROM)"]
[Result "1-0"]
[WhiteElo "2242"]
[BlackElo "2211"]

1.Nf3 Nf6 2.c4 e6 3.g3 d5 4.Bg2 Be7 5.O-O O-O 6.b3 c5 7.Bb2 Nc6 8.e3 a6 9.Qe2
b5 10.d4 cxd4 11.cxd5 Nxd5 12.Nxd4 Bb7 13.Nxc6 Bxc6 14.Rc1 Rc8 15.Nd2 Ba8
16.Rxc8 Qxc8 17.Rc1 Qd7 18.Ne4 f5 19.Nc5 Qc6 20.Qc2 Rc8 21.Bd4 e5 22.Qxf5 exd4
23.Bxd5+ Qxd5 24.Qxc8+ Kf7 25.e4 Qg5 26.f4 Qh5 27.Qxa8 {#r} 1-0

[Event "It (open)"]
[Site "Dubai (United Arab Emirates)"]
[Date "2014.04.12"]
[Round "5"]
[White "Rahman Ziaur (BAN)"]
[Black "Raghavi N (IND)"]
[Result "1-0"]
[WhiteElo "2507"]
[BlackElo "2253"]

1.Nf3 Nf6 2.c4 e6 3.g3 d5 4.Bg2 Be7 5.O-O O-O 6.b3 c5 7.Bb2 Nc6 8.e3 b6 9.Nc3
Ba6 10.Qe2 Rc8 11.Rfd1 Qd7 12.Rac1 Rfd8 13.d3 Qe8 14.Qe1 Bb7 15.cxd5 Nxd5
16.Nxd5 Rxd5 17.d4 Rdd8 18.dxc5 Rxd1 19.Qxd1 Bxc5 20.Ng5 h6 21.Ne4 Rd8 22.Qg4
Qf8 23.Nf6+ Kh8 24.Qe4 {#r} 1-0

[Event "It (open)"]
[Site "Zalakaros (Hungary)"]
[Date "2014.05.28"]
[Round "6"]
[White "Varga Klara (HUN)"]
[Black "Havanecz Bianka (HUN)"]
[Result "1-0"]
[WhiteElo "2234"]
[BlackElo "2207"]

1.Nf3 d5 2.g3 Nf6 3.Bg2 e6 4.c4 Be7 5.O-O O-O 6.b3 c5 7.Bb2 d4 8.d3 Nc6 9.e3
e5 10.exd4 exd4 11.a3 Bg4 12.h3 Bh5 13.g4 Bg6 14.Nh4 Qc7 15.f4 Nd7 16.g5 h6
17.Nxg6 fxg6 18.Qg4 Qd6 19.Nd2 h5 20.Qh4 Nb6 21.Rae1 Nd8 22.Ne4 Qd7 23.Ng3 Ne6
24.Bc1 Rf7 25.f5 gxf5 26.Qxh5 Nf8 27.g6 Rf6 28.Bg5 Re6 29.Nxf5 Bxg5 30.Ne7+
{#r} 1-0

[Event "Ch Central Serbia (open)"]
[Site "Paracin (Serbia)"]
[Date "2014.07.05"]
[Round "3"]
[White "Radovic Luka"]
[Black "Cvetkovic Srdjan (SRB)"]
[Result "1-0"]
[WhiteElo "2140"]
[BlackElo "2294"]

1.Nf3 d5 2.c4 e6 3.g3 Nf6 4.Bg2 Be7 5.O-O O-O 6.d3 c5 7.Nc3 Nc6 8.e4 d4 9.Ne2
e5 10.Ne1 Ne8 11.f4 f6 12.Nf3 Nd6 13.a3 Be6 14.b4 cxb4 15.axb4 b5 16.c5 Ne8
17.fxe5 fxe5 18.Ra6 Qc8 19.Rxc6 Qxc6 20.Nxe5 Rxf1+ 21.Qxf1 Qc8 22.Nxd4 Bf6
23.Nec6 Bxd4+ 24.Nxd4 a5 25.Nf5 Ra7 26.Nd4 Rf7 27.Qe1 axb4 28.Qxb4 {#r} 1-0

[Event "Tournament (team)"]
[Site "Hai Nan (China)"]
[Round "7"]
[White "Lysyj Igor (RUS)"]
[Black "Zhu Yilun (CHN)"]
[Result "1-0"]
[WhiteElo "2684"]
[BlackElo "2235"]

1.Nf3 Nf6 2.g3 d5 3.Bg2 e6 4.O-O Be7 5.c4 O-O 6.b3 b6 7.Bb2 Bb7 8.e3 Nbd7
9.Nc3 c5 10.Qe2 Rc8 11.d3 Qc7 12.Nh4 Rfe8 13.f4 Bf8 14.g4 dxc4 15.dxc4 Bxg2
16.Qxg2 g6 17.Rad1 Red8 18.f5 exf5 19.gxf5 Qc6 20.Nd5 Nxd5 21.cxd5 Qd6 22.fxg6
fxg6 23.Nf5 Qb8 24.d6 Qa8 25.Ne7+ Bxe7 26.Qxa8 Rxa8 27.dxe7 Nb8 {#r} 1-0

[Event "Ch Austria"]
[Site "Feistritz (Austria)"]
[Date "2014.08.26"]
[Round "4"]
[White "Mascher Klemens (AUT)"]
[Black "Teuschler Hugo (AUT)"]
[Result "1-0"]
[WhiteElo "2068"]
[BlackElo "2007"]

1.Nf3 d5 2.c4 e6 3.g3 Nf6 4.Bg2 Be7 5.O-O O-O 6.b3 c5 7.Bb2 Nc6 8.e3 Qc7 9.Qe2
dxc4 10.bxc4 b6 11.Nc3 a6 12.Rfd1 Bb7 13.d3 Rfd8 14.Rab1 Rab8 15.a4 Na5 16.Ne1
Bxg2 17.Nxg2 Qc6 18.f4 Rd7 19.g4 Rbd8 20.g5 Ne8 21.h4 Nd6 22.Ba1 Nf5 23.Kf2
Bf8 24.h5 Nb7 25.h6 Nbd6 26.Rh1 Nxc4 27.Rbd1 Rxd3 28.Rxd3 Rxd3 29.Qxd3 {#r}
1-0

[Event "Cup European Club"]
[Site "Bilbao (Spain)"]
[Date "2014.09.14"]
[Round "1"]
[White "Bosboom Manuel (NED)"]
[Black "Leko Peter (HUN)"]
[Result "1-0"]
[WhiteElo "2424"]
[BlackElo "2734"]

1.c4 Nf6 2.Nf3 e6 3.g3 d5 4.Bg2 Be7 5.O-O O-O 6.Qc2 b6 7.cxd5 Nxd5 8.a3 Bb7
9.d4 Nf6 10.Nc3 c5 11.dxc5 bxc5 12.Rd1 Qb6 13.Bg5 Rc8 14.Rac1 Na6 15.e4 Bf8
16.Bxf6 gxf6 17.e5 Bg7 18.Rd6 Qc7 19.Rcd1 Rd8 20.Nb5 Qa5 21.Ng5 Rxd6 22.Qxh7+
Kf8 23.Nxd6 fxg5 24.Bxb7 Rd8 25.Qh5 Rd7 26.Nc4 {#r} 1-0

[Event "It (open)"]
[Site "Hong Kong"]
[Date "2014.10.01"]
[Round "2"]
[White "Pena Gomez Manuel (ESP)"]
[Black "Zhang Jiabao (CHN)"]
[Result "1-0"]
[WhiteElo "2454"]
[BlackElo "2052"]

1.g3 d5 2.Bg2 Nf6 3.c4 e6 4.Nf3 Be7 5.O-O O-O 6.b3 b6 7.e3 Bb7 8.Qe2 c5 9.Rd1
Nbd7 10.d4 dxc4 11.bxc4 Rc8 12.Bb2 Qc7 13.Nbd2 Ne4 14.Nxe4 Bxe4 15.d5 exd5
16.cxd5 Bd6 17.Bh3 Rce8 18.Ng5 Bg6 19.Qb5 Nb8 20.a4 h6 21.Nf3 Be4 22.Nh4 a6
23.Qc4 Be5 24.Qa2 Bh7 25.Nf5 Nd7 26.d6 Qb7 27.Bg2 b5 28.Nxh6+ Kh8 29.Nxf7+
{#r} 1-0

[Event "it (open) "]
[Site "Daventry (England)"]
[Date "2014.10.04"]
[Round "7"]
[White "Varnam Liam (ENG)"]
[Black "Flear Christine (FRA)"]
[Result "1-0"]
[WhiteElo "2123"]
[BlackElo "2181"]

1.c4 e6 2.g3 d5 3.Bg2 Nf6 4.Nf3 Be7 5.O-O O-O 6.b3 c5 7.Bb2 Nc6 8.cxd5 Nxd5
9.d4 Bf6 10.e4 Nc7 11.e5 Be7 12.dxc5 Bxc5 13.Qc2 Qe7 14.a3 a5 15.Nbd2 Nb5
16.Ne4 Bd4 17.Nxd4 Nbxd4 18.Qc4 b5 19.Qd3 Rd8 20.Nd6 Ba6 21.Bxd4 b4 22.Qe3
Nxd4 23.Qxd4 Ra7 24.Rfd1 Rad7 25.Bc6 Rc7 26.Nf5 {#r} 1-0

[Event "Ch Belgrade (team)"]
[Site "Belgrade (Serbia)"]
[Date "2014.10.12"]
[Round "4"]
[White "Jovanovic Sasa M (SRB)"]
[Black "Markovic Misa (SRB)"]
[Result "0-1"]
[WhiteElo "2280"]
[BlackElo "2223"]

1.Nf3 d5 2.c4 e6 3.g3 Nf6 4.Bg2 Be7 5.O-O O-O 6.a3 c6 7.b3 a5 8.d3 Nbd7 9.Bb2
b5 10.Nd4 Qb6 11.Nd2 bxc4 12.dxc4 Ba6 13.e4 dxc4 14.e5 Nxe5 15.Re1 Nd3 16.Nxc6
Qxf2+ 17.Kh1 Bc5 18.Re2 Nxb2 19.Rxf2 Nxd1 20.Rxf6 gxf6 21.Rxd1 c3 22.Ne4 c2
23.Rc1 Bxa3 24.Rxc2 Kg7 25.Ra2 Bb7 26.Rxa3 Bxc6 27.Nd6 Bxg2+ 28.Kxg2 Rfb8 {#R}
0-1

[Event "It (open)"]
[Site "Nantes (France)"]
[Date "2014.12.30"]
[Round "6"]
[White "Theon Pierre (FRA)"]
[Black "Arnaudov G Petar (BUL)"]
[Result "0-1"]
[WhiteElo "2097"]
[BlackElo "2438"]

1.c4 Nf6 2.g3 e6 3.Bg2 d5 4.Nf3 Be7 5.O-O O-O 6.b3 a5 7.Bb2 a4 8.bxa4 Nbd7
9.cxd5 exd5 10.Nc3 Nb6 11.Qc2 d4 12.Nb5 c5 13.Ba3 Nxa4 14.Ne5 Ra5 15.Rab1 Bd7
16.Nd6 Bxd6 17.Nc4 Bg4 18.Nxa5 Qxa5 19.Rxb7 Bxe2 20.Rfb1 Qa6 21.Qf5 Bd3 {#R}
0-1

[Event "Cup Latinoamericana"]
[Site "Duran (Ecuador)"]
[Date "2014.12.30"]
[Round "8"]
[White "Matamoros Franco Carlos S (ECU)"]
[Black "Bruzon Lazaro (CUB)"]
[Result "0-1"]
[WhiteElo "2517"]
[BlackElo "2679"]

1.c4 e6 2.g3 d5 3.Bg2 Nf6 4.Nf3 Be7 5.O-O O-O 6.b3 c5 7.Bb2 Nc6 8.e3 d4 9.exd4
cxd4 10.Re1 Bc5 11.Ba3 Nd7 12.d3 a5 13.Bxc5 Nxc5 14.Na3 f6 15.Nb5 e5 16.a3 Bf5
17.Bf1 Bg4 18.Bg2 f5 19.h3 Bh5 20.g4 fxg4 21.Nxe5 g3 22.Qxh5 gxf2+ 23.Kh2
fxe1=Q 24.Rxe1 Nxe5 25.Rxe5 Nxd3 26.Be4 Rf2+ 27.Kg1 g6 28.Bxg6 Rg2+ {#R} 0-1

[Event "It (open)"]
[Site "Untergrombach (Germany)"]
[Date "2015.01.05"]
[Round "7"]
[White "Pfrommer Christoph (GER)"]
[Black "Maedler Thomas (GER)"]
[Result "1-0"]
[WhiteElo "2338"]
[BlackElo "2137"]

1.Nf3 d5 2.g3 Nf6 3.Bg2 e6 4.O-O Be7 5.c4 O-O 6.b3 c5 7.e3 b6 8.Bb2 Bb7 9.Nc3
dxc4 10.bxc4 Nc6 11.Qe2 Rc8 12.Rad1 Qc7 13.d3 Rfd8 14.Ne1 Na5 15.f4 Bxg2
16.Qxg2 Rd7 17.g4 Rcd8 18.g5 Ne8 19.Qe2 g6 20.Nf3 Nc6 21.Ne4 Bf8 22.h4 h5
23.gxh6 Bxh6 24.h5 f5 25.Neg5 Qd6 26.hxg6 Qe7 27.Qh2 Bg7 28.Qh7+ Kf8 29.Bxg7+
{#r} 1-0

[Event "Ch City"]
[Site "Sao Bernardo do Campo (Brazil)"]
[Date "2015.01.24"]
[Round "1"]
[White "Ueti Silvio (BRA)"]
[Black "Carvalho Rafael Cunha De (BRA)"]
[Result "0-1"]
[WhiteElo "2071"]
[BlackElo "2058"]

1.c4 e6 2.g3 d5 3.Bg2 Nf6 4.Nf3 Be7 5.O-O O-O 6.b3 c5 7.Bb2 d4 8.e3 Nc6 9.exd4
cxd4 10.Re1 Re8 11.a3 a5 12.d3 Bf8 13.Ne5 Nxe5 14.Rxe5 Nd7 15.Rb5 Nc5 16.b4
axb4 17.axb4 Rxa1 18.Bxa1 Na6 19.Qb3 Qd7 20.Nd2 Nb8 21.f4 Nc6 22.Bb2 e5 23.Rd5
Qg4 24.fxe5 Qe2 25.Nf3 Nxb4 26.Bxd4 Nxd5 27.cxd5 Bg4 28.Nh4 Qe1+ 29.Bf1 Be2
{#R} 0-1

[Event "Oberliga Bayern 2014/15"]
[Site "Germany"]
[Date "2015.02.22"]
[Round "7"]
[White "Schmidt Anton (GER)"]
[Black "Majer Damir (GER)"]
[Result "1-0"]
[WhiteElo "2142"]
[BlackElo "2222"]

1.c4 e6 2.g3 d5 3.Bg2 Nf6 4.Nf3 Be7 5.O-O O-O 6.b3 b6 7.Bb2 Bb7 8.e3 Nbd7
9.Nc3 c5 10.cxd5 Nxd5 11.Qe2 Rc8 12.Rfd1 Qc7 13.Rac1 Nxc3 14.Bxc3 Rfd8 15.d4
Qb8 16.dxc5 Nxc5 17.Ne5 Ne4 18.Bd4 f6 19.Qg4 fxe5 20.Qxe6+ Kf8 21.Bxe5 Bd6
22.Bxe4 Bxe5 23.Bxb7 {#r} 1-0